| 000 | 00000nam##2200000za#4500 |
| 001 | 9.681039 |
| 003 | CaOODSP |
| 005 | 20200330065653 |
| 007 | ta |
| 008 | 150407|2000||||xxc||||| f|0| 0 fre|d |
| 020 | |a0-662-84361-4 |
| 040 | |aCaOODSP|bfre |
| 043 | |an-cn--- |
| 086 | 1 |aH39-522/2000F |
| 110 | 1 |aCanada.|bSanté Canada. |bDirection générale de la promotion et des programmes de la santé. |
| 245 | 10|aHépatite C: mise à jour de l'information médicale : |btransmission; diagnostic; prise en charge clinique; traitement / |cPublié conjointement par la Fondation canadienne du foie. |
| 260 | |aOttawa - Ontario : |bSanté Canada. |c2000. |
| 300 | |a9p. : |bill., tableaux ; |c28 cm. |
| 504 | |aBibliographie. |
| 563 | |aCouverture souple |
| 590 | |a00-20|b2000-05-19 |
| 590 | |a00-23|b2000-06-09 |
| 691 | 07|aHépatite|2gcpds |
| 691 | 07|aSoins de santé|2gcpds |
| 775 | 08|tHepatitis C: medical information update : |w(CaOODSP)9.647636 |
| 776 | 0#|tHépatite C : |w(CaOODSP)9.639972 |